000 01155nam a22002897a 4500
999 _c63319
_d63319
005 20240530110634.0
008 170918s2015 ua f b 000 0 ara d
017 _a2013/16114
_bمصر. دار الكتب
020 _a9789772122271
040 _aEG-CaGPL
_cEG-CaGPL
082 0 4 _221
_a361 /
_bهـ ت
100 0 _aهشام محمود الاقداحى
245 1 2 _aالتنمية الاجتماعية و السياسية فى الدول النامية /
_cهشام محمود الاقداحى
260 _aالاسكندرية :
_bمؤسسة شباب الجامعة ،
_c2015.
300 _a336 ص. :
_bايض ؛
_c24 سم.
504 _aيشتمل على ارجاعات ببليوجرافية
650 0 7 _2qrmak
_aالتنمية الاجتماعية
650 0 7 _2qrmak
_aالتخطيط الاجتماعى
650 0 7 _2qrmak
_aالسياسة الاجتماعية
650 0 7 _2qrmak
_aالتنمية السياسية
651 _2qrmak
653 0 _aالمدن الجديدة
653 0 _aالوعى الثقافى
653 0 _aالتنظيم الاجتماعى
942 _2ddc
_cBK